000
00375nam a2200133Ia 4500
008
100122s9999 xx 000 0 und d
082
_b
37357
_a
211.3
100
_a
दांडेकर शं वा
245
_a
ईश्वरवाद
260
_b
य.गो.जोशी
630
_a
ईश्वरवाद
730
_a
ईश्वरवाद
942
_c
BOOK
999
_c
419816
_d
419813